Statistiken für Die größten deutschen Städte, deren Name auf einem Vokal endet

Klicken Sie hier um das Quiz zu spielen!

Allgemein

  • Dieses Quiz wurde 172 mal gespielt
  • Das Durchschnittsergebnis liegt bei 6 aus 12

Antwortstatistiken

HintHint 2Antwort% Korrekt
TH111.191Jena
86%
TH93.634Gera
80%
BW308.707Karlsruhe
76%
ST242.083Halle (Saale)
69%
HE101.364Hanau
60%
HE69.968Fulda
51%
NW157.368Herne
49%
SN87.172Zwickau
46%
NI70.138Celle
40%
ST79.655Dessau-Roßlau
40%
NW60.892Unna
36%
NW77.893Rheine
11%

Verteilung der Resultate

Perzentil nach korrekt beantworteten Fragen

Anzahl Personen mit jedem Resultat

Ihre Resultats-Entwicklung

Sie haben dieses Quiz noch nicht gespielt